A to Z: Cuisine (Part 2) - Statistics

General Stats
  • This quiz has been taken 10 times
  • The average score is 9 of 26
Answer Stats
Hint Answer % Correct
J Jamaican method of spicing and smoking over wood fire, often done with chicken Jerk
100%
N Indian bread, sometimes stuffed with potato Naan
100%
A Fruit paired with saltfish and eaten for breakfast in Jamaica Ackee
60%
F Term for dousing something in alcohol and lighting it on fire Flambé
60%
D A spiced, soup-like dish in South Asia made from spiced legumes such as mung beans or lentils Dal
50%
E Fried turnover pastries stuffed with meat and/or cheese, common throughout Latin America Empanada
50%
L Chinese dish with long, chewy egg noodles Lo mein
50%
O Large creatures native to Africa used as a leaner beef substitute, often in burgers Ostrich
50%
I Coffee with whiskey and whipped cream Irish coffee
40%
Q A highly nutritious pseudocereal Quinoa
40%
R A key ingredient in cannoli filling Ricotta
40%
T Term for meat served completely raw, unlike the above Tartare
40%
U A desert with its toppings at the bottom, which is then flipped Upside-down cake
40%
W These rooted, crunchy aquatic plants are often found in Asian cooking, and are an invasive species in North America Water chestnut
40%
C Raw seafood and vegetables which are “cooked” by acidic citrus juice Ceviche
30%
G These small creatures, often fried or roasted, are eaten as a snack in Mexico and parts of Africa and Asia Grasshopper
30%
H Iced rice milk with cinnamon sugar Horchata
20%
S Cooking method involving a plastic bag and boiling water, meaning “under vacuum” Sous vide
20%
K Ground spiced meat, such as lamb or beef, shaped into balls or patties and eaten throughout South Asia, the Middle East, North Africa, and the Balkans. Goes well with D Kofta
10%
Y A sweet, yellow fruit found in Asia Yuzu
10%
B Russian crepe-like dessert Blintz
0%
M Similar to the above but with extremely thin rice noodles Mei fun
0%
P Mashed plantain steamed in banana leaves with small bits of meat, spiced with sofrito and traditionally eaten in Puerto Rico around Christmas Pasteles
0%
V Cold potato soup Vichyssoise
0%
X Deep-fried Mexican cheesecake Xango
0%
Z A traditional braided bread in Germany, Switzerland, and Austria Zopf
0%
No matching quizzes found
Score Distribution
Percent of People with Each Score
Percentile by Number Answered
Your Score History
You have not taken this quiz